书目信息 |
| 题名: |
热力学
|
|
| 作者: | 王竹溪 著 | |
| 分册: | ||
| 出版信息: | 北京 高等教育出版社 1955 |
|
| 页数: | 418页 | |
| 开本: | 20cm | |
| 丛书名: | ||
| 单 册: | ||
| 中图分类: | O414.1 | |
| 科图分类: | ||
| 主题词: | 理论物理学 | |
| 电子资源: | ||
| ISBN: | ||
| 000 | 00554nam0 2200217 450 | |
| 001 | 0638219579 | |
| 005 | 20060509104043.73 | |
| 010 | @dCNY1.50 | |
| 091 | @a13010.203 | |
| 100 | @a20060509d1955 km y0chiy0120 ea | |
| 101 | 0 | @achi |
| 102 | @aCN@b110000 | |
| 200 | 1 | @a热力学@Are li xue@f王竹溪著@Fwang zhu xi zhu |
| 210 | @a北京@c高等教育出版社@d1955 | |
| 215 | @a418页@d20cm | |
| 300 | @a高等学校教学用书 | |
| 606 | 0 | @a理论物理学 |
| 690 | @aO414.1@v3 | |
| 701 | 0 | @a王竹溪@Awang zhu xi@4著 |
| 801 | 0 | @aCN@bPFT@c20060509 |
| 905 | @a10447@dO414.1@e1 | |
| 热力学/王竹溪著.-北京:高等教育出版社,1955 |
| 418页;20cm |
| 高等学校教学用书 |
| ISBN :CNY1.50 |
| ● |
| 相关链接 |
|
|
|
|
正题名:热力学
索取号:O414.1/1
 
预约/预借
| 序号 | 登录号 | 条形码 | 馆藏地/架位号 | 状态 | 备注 |
| 1 | 0013308 | 202315823 | 密集书库/ [索取号:O414.1/1] | 在馆 | |
| 2 | 0013309 | 202315725 | 密集书库/ [索取号:O414.1/1] | 在馆 | |
| 3 | 0013384 | 202315734 | 密集书库/ [索取号:O414.1/1] | 在馆 |